| 000 | 00451nam a2200121Ia 4500 | ||
|---|---|---|---|
| 008 | 171212s9999 xx 000 0 und d | ||
| 020 | _a9781925261080 | ||
| 100 | _aAnderson, Kym;Aryal, Nanda R. | ||
| 245 |
_cAnderson, Kym;Aryal, Nanda R. _aGrowth and Cycles in Australia’s Wine Industry _bA Statistical Compendium, 1843 to 2013 |
||
| 260 |
_bUniversity of Adelaide Press _c2015 |
||
| 650 | _aBusiness | ||
| 856 | _uhttp://jstor.org/stable/j.ctt1sq5w52 | ||
| 999 |
_c352924 _d352924 |
||